000 01417cam a2200409 i 4500
999 _c9673
_d9673
001 17900734
003 GBCCL
005 20241126110716.0
007 cr_|||||||||||
008 130927s2013 ilu ob 001 0 eng
010 _a 2013039422
020 _a9781433538353 (pdf)
020 _a9781433538360 (mobi)
020 _a9781433538377 (epub)
020 _z9781433538346 (hc)
040 _aDLC
_beng
_erda
_cDLC
_dDLC
_dDLC
042 _apcc
050 0 0 _aBS2595.53
082 0 0 _a220.7
_a226.4/07
_223
_bPRE
100 1 _aHughes, R. Kent,
_d1942-
_9917
245 1 0 _aLuke :
_bthat you may know the truth /
_cR. Kent Hughes.
250 _aRevised edition.
264 1 _aWheaton :
_bCrossway,
_c2013.
300 _a1 online resource.
336 _atext
_btxt
_2rdacontent
337 _acomputer
_bc
_2rdamedia
338 _aonline resource
_bcr
_2rdacarrier
490 0 _aPreaching the word
500 _aPreviously published as two separate volumes.
504 _aIncludes bibliographical references and index.
588 _aDescription based on print version record and CIP data provided by publisher.
630 0 0 _aBible.
_pLuke.
_vCommentaries.
_93983
776 0 8 _iPrint version:
_aHughes, R. Kent.
_tLuke
_bRevised edition.
_dWheaton : Crossway, 2013
_z9781433538346
_w(DLC) 2013031284
906 _a7
_bcbc
_corigcop
_d1
_eecip
_f20
_gy-gencatlg
942 _2ddc
_cREF